[Event "3rd GRENKE Chess Open 2018"]
[Site "Karlsruhe"]
[Date "2018.03.30"]
[Round "3"]
[White "Lampert, Jonas"]
[Black "Schitco, Ivan"]
[Result "1/2-1/2"]
[WhiteElo "2532"]
[BlackElo "2353"]
[Annotator "TA"]
[PlyCount "90"]
[EventDate "2018.??.??"]
[EventType "swiss"]
[EventCountry "GER"]
[SourceTitle "playchess.com"]
[Source "ChessBase"]
[SourceQuality "1"]

{[%evp 24,90,18,17,18,8,11,11,8,10,18,14,16,0,0,0,0,0,25,-21,0,-4,0,0,0,0,0,0,0,0,0,0,0,0,0,0,0,0,0,0,0,-7,0,-54,0,0,0,0,0,0,0,0,0,0,0,0,0,0,0,0,0,0,0,0,0,0,0,0,0]} 1. e4 c6 2. d4 d5 3. Nc3 dxe4 4. Nxe4 Bf5 5. Ng3 Bg6 6. c3 e6 7. Nh3 Nf6 8. Nf4 Bd6 9. h4 {B18: Classical Caro-Kann: 4...Bf5 sidelines} Qc7 10. Qf3 Nbd7 11. h5 Bc2 12. h6 g6 13. Bd3 {LiveBook: 21 Games} Bxd3 14. Nxd3 Qa5 15. Bf4 Bxf4 16. Qxf4 g5 {[#]} 17. Qe3 $146 O-O-O 18. Ne4 Nxe4 19. Qxe4 f5 {[%cal Bf7f5,Bf5f4][%mdl 32]} 20. Qe3 Qd5 21. O-O f4 22. Qe2 Rhf8 23. Rfe1 Rf6 24. Ne5 Nxe5 25. dxe5 f3 26. gxf3 Rf4 {And now ...g4 would win.} 27. Rad1 Qxf3 28. Rxd8+ Kxd8 29. Qxf3 Rxf3 $11 {[%mdl 4096] Endgame KR-KR} 30. Kg2 Rf4 31. Re3 Ke7 32. Rg3 Rf5 33. Re3 (33. c4 $1 $11) 33... b5 (33... Kf7 $1 $15) 34. b4 {The position is equal.} Kf7 35. Rd3 Rxe5 36. Rd7+ Kg6 37. Rc7 $1 Kxh6 38. Rxc6 g4 39. Ra6 Kg5 40. Rxa7 Re2 41. Rxh7 Rxa2 42. Rg7+ Kf4 43. Rf7+ Ke4 44. Rb7 Kf4 45. Rf7+ $1 Ke5 {Precision: White = 77%, Black = 81%.} 1/2-1/2

[Event "3rd GRENKE Chess Open 2018"]
[Site "Karlsruhe"]
[Date "2018.03.30"]
[Round "3"]
[White "Valsecchi, Alessio"]
[Black "Eden, James"]
[Result "1-0"]
[WhiteElo "2510"]
[BlackElo "2324"]
[Annotator "TA"]
[PlyCount "135"]
[EventDate "2018.??.??"]
[EventType "swiss"]
[EventCountry "GER"]
[SourceTitle "playchess.com"]
[Source "ChessBase"]
[SourceQuality "1"]

{[%evp 19,135,7,7,-10,0,-137,-123,-182,-56,-98,-61,-69,-36,-81,-83,-72,6,24,23,9,14,10,23,0,37,11,53,72,83,89,115,113,155,163,158,156,156,140,158,151,157,152,145,153,174,168,168,167,290,285,287,260,257,252,242,222,248,222,224,232,281,281,263,263,297,290,293,286,320,281,344,333,318,318,318,318,318,260,1591,1462,1242,1212,29936,29947,12571,11252,29953,8622,29947,5624,29969,29969,29967,29960,29958,29969,29953,29959,29974,29972,29976,29977,29977,29978,29979,29975,29974,29968,29968,29961,5920,4802,29980,29981,29981,29982,29982,29983]} 1. d4 Nf6 2. c4 g6 3. Nc3 Bg7 4. e4 d6 5. Be2 O-O 6. Be3 c5 7. d5 b5 {E73: King's Indian: Averbakh Variation without 6...c5} (7... e6 8. Nf3 exd5 9. cxd5 Bg4 10. Nd2 Bxe2 11. Qxe2 Re8 12. f3 Nbd7 13. a4 Qb6 14. Nc4 Qa6 15. Nb5 Ne5 16. Nbxd6 Nxc4 17. Nxc4 Nxd5 18. exd5 {½-½ (61) Buhmann,R (2584)-Fedorov,A (2573) Katowice 2017}) 8. cxb5 a6 9. bxa6 Qa5 10. Bd2 Bxa6 {LiveBook: 9 Games} 11. Qc2 Nbd7 12. Nf3 $146 (12. a4 $11) ({Predecessor:} 12. b3 e6 13. dxe6 fxe6 14. Na4 Qc7 15. Rc1 Ne5 16. Bxa6 Rxa6 17. Ne2 {0-1 (48) Antonova,N (1944)-Khamdamov,S (2292) Dushanbe 2013}) 12... Bxe2 $17 13. Kxe2 {[#]} (13. Nxe2 $17 Qa4 14. Qxa4 Rxa4 15. Nc3) 13... Ng4 (13... Qa6+ $1 $19 14. Qd3 Qxd3+ 15. Kxd3 c4+ 16. Kc2 (16. Kxc4 Rab8 $11) 16... Nc5) 14. Kf1 f5 15. Kg1 Qb6 16. h3 fxe4 17. Nxe4 Nge5 (17... Qxb2 $17 18. Qxb2 Bxb2) 18. Nfg5 $36 {[%mdl 2048] White is pushing.} Qb7 19. Ne6 Qxd5 20. Nxf8 Rxf8 21. Bc3 Qc6 22. Rc1 Rf4 23. Ng3 d5 24. Ne2 Rf7 25. f4 d4 26. Bxd4 $1 ({Don't do} 26. fxe5 $6 dxc3 27. Nxc3 Bxe5 $14) 26... cxd4 27. Qxc6 Nxc6 28. Rxc6 d3 {[#]} 29. Rc8+ $1 Nf8 30. Nc3 {Threatens to win with Kf2.} Rxf4 31. Rd8 Bd4+ 32. Kh2 {aiming for Nd5.} Be5 33. Rd5 Bb8 (33... Rf5+ $142 34. Rxe5 (34. g3 e6 $16) 34... Rxe5) 34. Rd1 $18 Rf1+ 35. g3 Rf2+ 36. Kg1 Rxb2 37. R1xd3 Ne6 38. Kf1 Bd6 39. Ne4 Rxa2 40. Nxd6 exd6 41. Rxd6 {[%mdl 4096] Endgame KRR-KRN} Ng5 42. Rd8+ Kg7 43. R8d7+ Kg8 44. h4 Nf7 45. Re3 Ra6 46. Re8+ Kg7 47. Ree7 Rf6+ 48. Kg2 h5 $2 (48... h6 49. g4 g5) 49. Re2 Rf5 50. Rf2 Rxf2+ 51. Kxf2 {KR-KN} Kf6 52. Ke3 Ke6 53. Ra7 Kf6 54. Kf4 (54. Ke4 $142 Nd6+ 55. Kf4 Nf7 56. Ra6+ Kg7 57. Rc6 Nh6 58. Ke5 Ng4+ 59. Ke6) 54... Nh6 55. Ra6+ Kg7 56. Rb6 Nf7 57. Ke4 Nh6 58. Ke5 Nf5 59. Rb3 Kh6 60. Kf6 Nd6 61. Re3 Nf5 62. Rf3 Nd6 63. Ke5 Nc4+ 64. Kd5 Nb6+ 65. Kc5 Nd7+ 66. Kd6 {White mates.} Nb6 67. Rf4 Nc8+ 68. Kd7 {Precision: White = 72%, Black = 42%.} 1-0

[Event "3rd GRENKE Chess Open 2018"]
[Site "Karlsruhe"]
[Date "2018.03.30"]
[Round "3"]
[White "Ider, Borya"]
[Black "Videnova, Iva"]
[Result "1/2-1/2"]
[WhiteElo "2505"]
[BlackElo "2323"]
[Annotator "TA"]
[PlyCount "73"]
[EventDate "2018.??.??"]
[EventType "swiss"]
[EventCountry "GER"]
[SourceTitle "playchess.com"]
[Source "ChessBase"]
[SourceQuality "1"]

{[%evp 12,73,2,0,0,0,0,-3,0,0,1,-8,40,-22,0,-7,34,-13,0,-8,-10,0,0,0,0,-23,0,-4,0,-10,0,0,0,0,0,0,7,0,0,0,0,0,0,0,0,0,0,0,0,0,0,0,0,0,0,0,0,0,0,0,0,0,0,0]} 1. d4 Nf6 2. Bf4 g6 3. Nc3 d5 4. Nf3 Bg7 5. e3 O-O 6. Be2 c5 7. Ne5 {LiveBook: 227 Games} Nfd7 {D00: 1 d4 d5: Unusual lines} (7... Nc6 8. O-O Ne8 9. Nxc6 bxc6 10. Na4 cxd4 11. exd4 Nd6 12. Re1 f6 13. Bd3 Nf7 14. c4 e5 15. Bg3 e4 16. Bf1 {0-1 (42) Hebden,M (2454)-Donchenko,A (2583) Newcastle 2018}) 8. Nxd7 $146 ({Predecessor:} 8. Nf3 cxd4 9. exd4 Nb6 10. O-O Nc6 11. h3 Bf5 12. Qd2 f6 13. Be3 g5 14. b3 e6 15. Rfd1 {0-1 (65) Bendig,F (2150)-Laghetti,G (2394) LSS email 2010}) 8... Bxd7 9. dxc5 e5 10. Bg3 Bc6 {next ...d4 is good for Black.} 11. O-O h5 {[#] White must now prevent ...h4.} 12. h3 (12. f3 $14) 12... h4 13. Bh2 Na6 14. a4 (14. Bxa6 $5 bxa6 15. Re1 $11) 14... Nxc5 15. b4 $1 {[%cal Rb4c5]} d4 $1 {[%cal Rd4c3]} 16. exd4 exd4 {aiming for ...d3.} 17. bxc5 {[#] Strongly threatening Nb5.} dxc3 18. Bf3 Qxd1 19. Rfxd1 {The position is equal.} Bxf3 20. gxf3 Rfd8 21. Bd6 Rac8 22. Rab1 Rd7 23. Kf1 Rc6 24. Ke2 b6 25. cxb6 axb6 26. Bf4 Rxd1 27. Rxd1 $11 {[%mdl 4096] Endgame KRB-KRB} Rc4 28. Be3 Rxa4 29. Bxb6 Ra6 30. Be3 Bf6 31. Rb1 Kg7 32. Kd3 Ra5 33. Ke4 Re5+ 34. Kd3 Rf5 35. Ke4 Re5+ 36. Kd3 Rf5 37. Ke4 {Precision: White = 67%, Black = 75%.} 1/2-1/2

[Event "3rd GRENKE Chess Open 2018"]
[Site "Karlsruhe"]
[Date "2018.03.30"]
[Round "3"]
[White "Riff, Jean-Noel"]
[Black "Grigorian, Spartak"]
[Result "1/2-1/2"]
[WhiteElo "2503"]
[BlackElo "2321"]
[Annotator "TA"]
[PlyCount "45"]
[EventDate "2018.??.??"]
[EventType "swiss"]
[EventCountry "GER"]
[SourceTitle "playchess.com"]
[Source "ChessBase"]
[SourceQuality "1"]

{[%evp 16,45,8,7,18,0,6,0,-2,-4,0,0,-4,-4,-9,-5,-14,-17,-7,-25,-27,-35,-25,-27,-29,-41,-35,-84,-60,-62,-63,-73]} 1. e4 e5 2. Nf3 Nf6 3. Nc3 {[%cal Bb1c3,Bc3e2,Be2g3][%mdl 32]} Nc6 4. Bb5 Bd6 5. O-O (5. d3 h6 6. Ne2 a6 7. Ba4 b5 8. Bb3 Na5 9. d4 Nxb3 10. axb3 Nxe4 11. dxe5 Bc5 12. Qd5 Bxf2+ 13. Kf1 {½-½ (49) Inarkiev,E (2689)-Svidler,P (2765) St Petersburg 2017}) 5... O-O 6. d3 {C48: Four Knights: 4 Bb5, replies other than 4...Bb4} h6 7. a3 Re8 8. Ne2 Bf8 9. Ng3 {LiveBook: 6 Games} d5 10. exd5 $146 ({Predecessor:} 10. h3 Bd7 11. b4 a6 12. Ba4 dxe4 13. dxe4 {0-1 (30) Damjanovic,I (2023)-Pavlovic,Z Bosnjaci 2008}) 10... Qxd5 11. Bc4 Qd6 12. Re1 Be6 13. Bxe6 Rxe6 14. b4 Rae8 15. Nd2 Qd7 16. Bb2 a6 17. Nc4 b5 18. Nd2 a5 19. bxa5 Nxa5 20. Bc3 Nb7 21. Nb3 Nc5 22. Nxc5 Bxc5 23. Bb2 {Precision: White = 61%, Black = 79%.} 1/2-1/2

[Event "3rd GRENKE Chess Open 2018"]
[Site "Karlsruhe"]
[Date "2018.03.30"]
[Round "3"]
[White "Noe, Christopher"]
[Black "Paltrinieri, Nicholas"]
[Result "1-0"]
[WhiteElo "2494"]
[BlackElo "2317"]
[Annotator "TA"]
[PlyCount "81"]
[EventDate "2018.??.??"]
[EventType "swiss"]
[EventCountry "GER"]
[SourceTitle "playchess.com"]
[Source "ChessBase"]
[SourceQuality "1"]

{[%evp 18,81,4,8,14,0,4,6,11,0,18,10,39,22,50,41,89,89,86,96,94,65,118,78,79,66,64,53,120,14,298,287,301,292,292,126,132,113,128,126,126,126,132,127,464,466,499,479,512,444,443,430,489,473,778,862,861,850,804,448,5406,5365,5383,5310,4133,1468]} 1. d4 e6 2. c4 f5 3. Nc3 Nf6 4. Nf3 Bb4 5. Qb3 Qe7 6. a3 {A85: Dutch Defence: 2 c4 Nf6 3 Nc3} (6. Bd2 b6 7. g3 Bb7 8. Bg2 Nc6 9. O-O Na5 10. Qc2 Nxc4 11. Nb5 Nxd2 12. Nxc7+ Kf8 13. Nxd2 Bxg2 14. Kxg2 {0-1 (45) Aronian,L (2792)-Carlsen,M (2855) Leuven 2016}) 6... Bxc3+ 7. Qxc3 O-O 8. g3 b6 9. Bg2 Bb7 10. O-O {LiveBook: 8 Games} d6 11. b3 Nbd7 {[%cal Bb8d7,Bd7f6,Bf6g4][%mdl 32]} 12. Bb2 Rae8 $146 13. Rad1 Ne4 14. Qc2 Ndf6 15. Ne1 {[%cal Bf3e1,Be1d3,Bd3f4,Bf4d5][%mdl 32]} Ba8 16. Nd3 Ng4 17. Bc1 {Strongly threatening f3.} Ng5 18. f3 Nh6 19. Nf4 Kh8 (19... e5 $14) 20. Bb2 e5 21. dxe5 dxe5 22. Nd5 Qc5+ ({Black should play} 22... Bxd5 $1 $14 23. Rxd5 Ngf7) 23. e3 (23. Kh1 $16) 23... f4 $2 {[%mdl 8192]} (23... Bxd5 $1 $11 {and Black is okay.} 24. Rxd5 Qxe3+ 25. Kh1 Ne6) 24. b4 $18 (24. gxf4 Rxf4 25. Bxe5 (25. Nxf4 Qxe3+ 26. Kh1 Qxf4 $16) 25... Rxe5 $18) 24... Qc6 25. exf4 (25. gxf4 $6 exf4 26. exf4 Ne6 $18) 25... exf4 26. Bc1 ({Don't do} 26. gxf4 Ne6 $18) (26. Nxf4 $18 {has better winning chances. Rd5 is the strong threat.} Ne6 27. Nd5) 26... Ne6 $16 27. Nxf4 Nf5 28. Qc3 $36 {[%mdl 2048] Keeping Black busy.} Nxf4 29. Bxf4 ({Worse is} 29. gxf4 Qg6 $15) 29... Nh4 30. Be5 Rxe5 $4 {[%mdl 8192]} (30... Nxf3+ $16 31. Rxf3 Rxf3) 31. Qxe5 $18 {White is clearly winning.} Nxg2 32. Qe7 {[%cal Re7f8] [#]} ({Weaker is} 32. Kxg2 Rg8 $18) 32... Rg8 33. Kxg2 Qxc4 {Black wants to play ...Qc2+.} 34. Rd7 Qa2+ 35. Rf2 Qxa3 (35... Qb3 $142 36. Qf7 Qxf7 37. Rxf7 c5 38. bxc5 bxc5 39. Rxa7 Rc8) 36. Rd8 {[#] Threatening mate with Rxg8+.} Qb3 37. Rxg8+ Qxg8 38. Qxc7 a5 (38... Bd5 $142 39. Qxa7 b5) 39. bxa5 bxa5 40. Rd2 Bd5 41. Qxa5 {Precision: White = 58%, Black = 23%.} 1-0

[Event "3rd GRENKE Chess Open 2018"]
[Site "Karlsruhe"]
[Date "2018.03.30"]
[Round "3"]
[White "Poetsch, Hagen"]
[Black "Klein, Felix"]
[Result "1/2-1/2"]
[WhiteElo "2484"]
[BlackElo "2312"]
[Annotator "TA"]
[PlyCount "114"]
[EventDate "2018.??.??"]
[EventType "swiss"]
[EventCountry "GER"]
[SourceTitle "playchess.com"]
[Source "ChessBase"]
[SourceQuality "1"]

{[%evp 21,114,0,0,0,0,-8,0,0,-3,-2,-1,-26,-16,-16,-16,-26,-22,-35,-36,-32,-26,-47,-47,-31,-27,-52,-42,-64,-7,-26,0,0,0,-260,-70,-81,-75,-78,-78,-133,-138,-129,-142,-148,-142,-178,-161,-170,-157,-182,-183,-213,-213,-259,-125,-216,-104,-212,-208,-183,-108,-110,-43,-42,-42,-48,0,0,0,0,-5,-70,-59,-61,-64,-92,-88,-88,-91,-83,-43,-50,-7,-14,0,-13,-16,-10,0,-10,0,-18,6,-11,0]} 1. e4 e5 2. Nf3 Nc6 3. Bc4 Bc5 4. b4 Bxb4 5. c3 Ba5 6. d4 d6 7. Qb3 Qd7 8. O-O Bb6 {C52: Evans Gambit Accepted: 5 c3 Ba5} 9. Nbd2 (9. Bb5 a6 10. Ba4 Ba7 11. Na3 Nge7 12. d5 b5 13. Nxb5 axb5 14. Bxb5 O-O 15. dxc6 Qg4 16. Qc2 {0-1 (48) Li,C (2751)-Ding,L (2766) Huaian 2016}) 9... Na5 10. Qc2 Ne7 11. dxe5 O-O {LiveBook: 3 Games} 12. exd6 cxd6 13. Bd3 $146 ({Predecessor:} 13. Be2 Qc7 14. c4 Ng6 15. Nb3 Nc6 16. Rd1 Bg4 17. Ba3 Rfd8 {1-0 (72) Mosadeghpour,M (2481)-Sahoo,U (2275) New Delhi 2016}) 13... Ng6 14. Nb3 Qc7 15. Nfd4 Bd7 16. Nb5 Bxb5 17. Bxb5 Rac8 18. Bd2 Nc4 19. Bxc4 Qxc4 20. a4 {[%cal Ba2a4,Ba4a5][%mdl 32]} Rfe8 21. Rfe1 d5 22. a5 Bc7 {[%cal Rd5e4]} 23. exd5 Qxd5 24. c4 Qd6 (24... Qc6 $15) 25. g3 $11 Nh4 (25... Ne5 $5 {[%cal Re5f3]} 26. Qe4 Qd7 $17) 26. Qc3 Qg6 $40 {[%mdl 128] White needs to defend precisely.} 27. f4 $2 {[%mdl 8192]} (27. Rxe8+ $1 $11 {and White stays safe.} Rxe8 28. Re1 Rxe1+ 29. Bxe1) 27... Qg4 $2 ({Black should play} 27... Red8 $1 $19 {[%cal Rd8d3]} 28. Qe3 Be5 $1 {[%mdl 512]} 29. fxe5 Rd3 30. Qxd3 Qxd3) 28. Nd4 Red8 29. Rf1 Bd6 {[%cal Bc7d6,Bd6e7,Be7f6][%mdl 32]} 30. Nb3 (30. Rae1 $142) 30... Be7 $17 31. Rae1 Bf6 32. Qe3 h5 33. c5 Qg6 $1 34. Qe4 {Strongly threatening f5.} Nf5 $1 35. Kh1 h4 36. gxh4 Bxh4 37. Re2 Qh5 (37... Qa6 $19 {has better winning chances. White must now prevent ...Re8!} 38. Bc3 Re8 $1 {[%mdl 512]}) 38. Rg2 (38. Qf3 $17 Qxf3+ 39. Rxf3) 38... Re8 (38... Bf6 $1 $19 39. Kg1 Qh7) 39. Qxb7 {[#]} (39. Qf3 $17 Qxf3 40. Rxf3) 39... Bf6 $1 $19 40. Qa6 {Threatens to win with Qxf6.} Qh6 ({Better is} 40... Nh4 $19 41. Qxf6 Nxg2) 41. Qd3 {[#]} Nh4 (41... Qh7 $1 $17 {...Rcd8 is the strong threat.} 42. Rf3 Red8) 42. f5 $1 $15 Qh5 43. Qh3 Re2 44. Qg4 $1 {[%cal Rg4h5]} Qxg4 45. Rxg4 Rb8 46. Be1 ({White should try} 46. Bb4 $11) 46... Nxf5 $1 47. Nc1 Re6 {Hoping for ...Ne3.} 48. Bd2 Rb2 49. Bg5 Bxg5 50. Rxg5 Ne3 51. Re1 Rc2 {aiming for ...Ng4!} 52. Nd3 {The position is equal.} Kf8 53. Re5 Rxe5 54. Nxe5 Nd5 55. Rd1 Ne3 56. Re1 Nd5 57. Rd1 Ne3 {Precision: White = 43%, Black = 53%.} 1/2-1/2

[Event "3rd GRENKE Chess Open 2018"]
[Site "Karlsruhe"]
[Date "2018.03.30"]
[Round "3"]
[White "Kevlishvili, Robby"]
[Black "Beeke, Bob"]
[Result "1-0"]
[WhiteElo "2472"]
[BlackElo "2307"]
[Annotator "TA"]
[PlyCount "75"]
[EventDate "2018.??.??"]
[EventType "swiss"]
[EventCountry "GER"]
[SourceTitle "playchess.com"]
[Source "ChessBase"]
[SourceQuality "1"]

{[%evp 17,75,16,10,4,9,2,26,17,26,10,13,0,0,-16,-15,-20,-15,-35,0,-12,0,0,9,0,9,0,0,-10,41,32,37,45,54,38,139,123,193,208,194,199,198,195,464,479,564,538,872,170,166,160,137,137,158,134,122,51,185,172,1087,1024]} 1. e4 e5 2. Nf3 Nc6 3. Bb5 a6 4. Ba4 Nf6 5. d3 b5 6. Bb3 Be7 7. a4 b4 {C77: Ruy Lopez: 3...a6 4 Ba4 Nf6, unusual lines} 8. Nbd2 d6 9. a5 O-O {LiveBook: 9 Games. The position is equal.} 10. Nc4 Be6 11. Be3 h6 12. h3 Rb8 13. O-O Nh7 $146 ({Predecessor:} 13... Qc8 14. Re1 Qb7 15. Qe2 {1-0 (62) Naiditsch,A (2702)-Panchanathan,M (2481) Douglas 2017}) 14. Nfd2 Bg5 15. Ba4 Ne7 16. Bxg5 Nxg5 17. Ne3 Ng6 18. Bb3 Nf4 19. Kh2 Qd7 20. h4 Nh7 21. g3 {[%cal Bg2g3,Bg3f4,Bf4f5][%mdl 32]} Bxb3 22. Nxb3 Ne6 (22... Qh3+ $11 23. Kg1 Nf6) 23. f4 $14 exf4 24. gxf4 Qd8 25. Kh3 Qf6 ({Better is} 25... c5 $14) 26. f5 $16 Nc5 (26... Nd8 $16 {keeps fighting.}) 27. Nd5 $1 $18 {[%cal Rd5f6]} Qd8 28. Nxc5 dxc5 {[#]} 29. f6 $1 {[%mdl 512]} Nxf6 $2 {[#]} (29... Qd7+ {might work better.} 30. Qg4 Qxg4+ 31. Kxg4 b3) (29... gxf6 30. Qd2) 30. Rxf6 $1 {[%mdl 512]} gxf6 31. Qh5 (31. Qg4+ Kh8 $15) 31... Qd7+ {[#]} 32. Kg2 $2 (32. Kh2 $1 {Threatening mate with Rg1+.} Qd6+ 33. Kh1) 32... Kg7 {Hoping for ...c6.} 33. Rf1 Rg8 34. Nxf6 $40 {[%mdl 128] Black is in trouble.} Qe6 35. Nxg8 Rxg8 36. Kh2 (36. Qxc5 $16 {Kf2 is the strong threat.} b3 37. Rf5 (37. Qxc7 Kh8+ 38. Kf2 Qf6+ 39. Ke1 Qxb2 $11)) 36... Qd6+ {[#]} ({Black should try} 36... c4 $14) 37. e5 $1 Qe6 $2 (37... Qd5 38. Rf2 c4) 38. Rf6 {Precision: White = 47%, Black = 29%.} 1-0

[Event "3rd GRENKE Chess Open 2018"]
[Site "Karlsruhe"]
[Date "2018.03.30"]
[Round "3"]
[White "Nasuta, Grzegorz"]
[Black "Kopylov, Daniel"]
[Result "1-0"]
[WhiteElo "2459"]
[BlackElo "2306"]
[Annotator "TA"]
[PlyCount "107"]
[EventDate "2018.??.??"]
[EventType "swiss"]
[EventCountry "GER"]
[SourceTitle "playchess.com"]
[Source "ChessBase"]
[SourceQuality "1"]

{[%evp 20,107,24,25,26,28,28,11,20,22,24,25,40,15,85,29,65,29,32,28,29,21,33,29,58,58,58,58,273,281,268,270,216,108,128,118,125,127,125,125,125,122,115,101,117,99,119,98,98,89,103,103,103,104,105,113,93,112,29972,29973,29973,29974,29968,29969,29976,29977,29978,29979,29979,29980,29980,29980,29980,29981,29981,29982,29981,29981,29981,29982,29982,29983,29982,29982,29982,29983,29984,29985,29987,29987]} 1. e4 c5 2. Nf3 d6 3. Bb5+ Bd7 4. Bxd7+ Qxd7 5. c4 Nf6 6. Nc3 e6 7. d4 cxd4 8. Nxd4 Nc6 9. O-O Be7 10. Be3 O-O 11. Rc1 {LiveBook: 14 Games. B52: Sicilian: Moscow Variation with 3...Bd7} (11. Qe2 Rfc8 12. b3 Bd8 13. Rac1 Ba5 14. Nxc6 Rxc6 15. Bg5 Ne8 16. Nb5 a6 17. Nd4 Rcc8 18. Rfd1 Qc7 19. Qg4 Bb4 {1-0 (30) Stevic,H (2597)-Kozul,Z (2602) Zadar 2015}) 11... Rac8 12. b3 a6 13. a4 {White has an edge.} Nxd4 $146 ({Predecessor:} 13... Qd8 14. f4 Qa5 15. f5 e5 16. Nxc6 bxc6 17. g4 h6 18. h4 Nh7 {0-1 (32) Pagerka,M (2243)-Jozefek,M (2202) Senica 2013}) 14. Bxd4 Qc6 15. f3 Rfd8 16. Kh1 h5 (16... Nd7 $11) 17. Be3 ({White should try} 17. f4 $16) 17... b6 18. Qd2 Nd7 19. Rfd1 Nc5 20. Rb1 Bf6 21. Bg5 {Strongly threatening Bxf6.} Bxc3 22. Qxc3 Rd7 23. Rbc1 d5 $2 ({Better is} 23... a5 $14) 24. cxd5 $18 exd5 25. b4 dxe4 {[#]} 26. bxc5 ({White must play} 26. Rxd7 $1 $18 Qxd7 27. a5 (27. bxc5 Rxc5 28. Qe3 Rxc1+ 29. Qxc1 exf3 $14)) 26... Rxd1+ $16 27. Rxd1 Qxa4 28. Ra1 Rxc5 {And now ...Qb5 would win.} 29. Rxa4 Rxc3 30. fxe4 {[%mdl 4096] Endgame KRB-KR} f6 31. Bf4 a5 32. Kg1 Rb3 33. e5 g5 34. Bd2 fxe5 35. Bxg5 Kf7 36. Kf2 Ke6 37. Be3 Kd5 38. Kf3 Rb4 $2 {[%mdl 8192] [#]} (38... Rb1 $16 39. g3 Rf1+ 40. Ke2 Rb1) 39. Rxb4 $1 {White mates.} axb4 {KB-KP} 40. Bc1 e4+ 41. Ke3 Kc4 42. Bb2 b5 43. h4 Kb3 44. Bd4 Kc2 45. g4 hxg4 46. Kxe4 {KB-K3P} g3 47. Kf3 Kd3 48. Bg7 g2 49. Kxg2 Ke4 50. Kg3 Kf5 51. Ba1 b3 52. Kf3 Kg6 53. Kg4 b4 54. h5+ {Precision: White = 66%, Black = 50%.} 1-0

[Event "3rd GRENKE Chess Open 2018"]
[Site "Karlsruhe"]
[Date "2018.03.30"]
[Round "3"]
[White "Zatonskih, Anna"]
[Black "Lubbe, Melanie"]
[Result "1/2-1/2"]
[WhiteElo "2446"]
[BlackElo "2304"]
[Annotator "TA"]
[PlyCount "103"]
[EventDate "2018.??.??"]
[EventType "swiss"]
[EventCountry "GER"]
[SourceTitle "playchess.com"]
[Source "ChessBase"]
[SourceQuality "1"]

{[%evp 13,103,0,33,29,37,30,52,35,57,56,45,46,51,31,47,32,21,19,14,10,16,9,14,17,42,31,105,94,117,113,118,112,115,111,114,116,95,4,4,0,20,36,32,31,27,33,45,15,27,24,34,17,39,34,72,67,74,72,144,135,163,161,167,150,127,97,198,60,66,32,73,19,331,324,429,396,106,0,0,0,0,0,0,8,8,2,9,0,0,0,0,8]} 1. d4 Nf6 2. Nf3 g6 3. g3 Bg7 4. Bg2 O-O 5. O-O d6 6. b3 e5 7. dxe5 {A49: 1 d4 Nf6 2 Nf3 g6 3 g3: Anti-King's Indian systems} Ng4 {LiveBook: 55 Games} (7... dxe5 8. Ba3 Re8 9. Qxd8 Rxd8 10. Nc3 Nc6 11. Rad1 Bf5 12. Nh4 Bd7 13. e3 a6 14. Nd5 Nxd5 15. Bxd5 Be8 16. Nf3 {½-½ (63) Sargissian,G (2672)-Onischuk,V (2637) Riadh 2017}) 8. Bg5 Qd7 9. Nc3 {White is slightly better.} Nc6 $146 ({Predecessor:} 9... h6 10. Bd2 Nxe5 11. Qc1 Nxf3+ 12. exf3 h5 13. Rb1 Nc6 14. Nd5 Nd4 {0-1 (80) Bennett,D (1969)-De Coverly,R (1969) Harrogate 2018}) 10. Nd5 h6 11. Bf6 dxe5 12. Bxg7 $1 Kxg7 13. Nd2 {[%cal Bf3d2,Bd2e4,Be4c5][%mdl 32]} Rd8 14. h3 $36 {[%mdl 2048] White has the initiative.} Nf6 15. Nxf6 Kxf6 16. Ne4+ Kg7 17. Qxd7 Rxd7 18. c3 Nd8 19. Nc5 Rd6 ({Better is} 19... Re7 $1 $14) 20. Rad1 $16 Rb8 21. Rxd6 $1 cxd6 22. Rd1 Bxh3 23. Rxd6 ({Don't play} 23. Bxh3 $6 dxc5 24. Rd5 e4 $11) 23... Bxg2 24. Kxg2 {[%mdl 4096] Endgame KRN-KRN} Rc8 25. Nd3 (25. Rd5 $1 $16) 25... Ne6 $1 $11 26. c4 Kf6 27. Rd7 Rc7 28. Rd5 e4 29. Nb4 Nc5 30. g4 a5 31. Nc2 a4 32. Nd4 Ne6 33. Nxe6 Kxe6 $14 {KR-KR} 34. Kg3 Rc6 {[#]} 35. Rb5 $1 Rc7 (35... Rd6 $142) 36. Kf4 $16 Rd7 37. Rb6+ Ke7 38. Kxe4 Rd2 39. Rxb7+ Kf6 (39... Ke6 $16) 40. Ke3 ({White should play} 40. bxa4 $18 Rxe2+ 41. Kd5) 40... Rxa2 $14 41. b4 Rb2 42. b5 (42. Kd3 $16) 42... a3 $2 {[%mdl 8192]} (42... h5 $1 $11) 43. Ra7 $18 a2 {[#]} 44. Kd4 $1 Ke6 $2 (44... h5 $18 45. gxh5 gxh5) 45. Kc5 (45. e4 $16) 45... h5 $1 $11 {[%cal Rh5h4] The position is equal.} 46. gxh5 gxh5 47. b6 {aiming for Kc6.} h4 48. b7 Rxb7 49. Rxa2 Kf5 50. Kd6 h3 {And now ...Rb1 would win.} 51. Ra1 Rb2 52. Rh1 {Precision: White = 62%, Black = 34%.} 1/2-1/2